| 000 | 00558nam a2200181 i 4500 | ||
|---|---|---|---|
| 001 | 19492 | ||
| 003 | ES-MaACL | ||
| 005 | 20250805003351.0 | ||
| 007 | t| | ||
| 008 | 021001s1967 sp ||||1| spa d | ||
| 100 | 1 |
_aAaron, M. Audrey, _c(O.S.B.) _9226338 |
|
| 245 | 1 | 0 |
_aCristo en la poesía lírica de Lope de Vega / _cM. Audrey Aaron. |
| 260 |
_aMadrid : _bCultura Hispánica, _c1967. |
||
| 300 |
_a252 p. ; _c25 cm. |
||
| 600 | 1 | 4 |
_aVega, Lope de, _d1562-1635- _xCrítica e interpretación _9113565 |
| 852 |
_aES-MaACL _jC-31515 |
||
| 999 |
_c19492 _d19492 |
||